<The> Incentive structure of a "managed market economy" can it survive the millennium?

Gespeichert in:
Bibliographische Detailangaben
1. Verfasser: Hamada, Koichi
Format: Buch
Sprache:Englisch
Veröffentlicht: New Haven Yale University Press 1998
Schriftenreihe:Center Paper No. 539
Schlagworte:
Tags: Tag hinzufügen
Keine Tags, Fügen Sie das erste Tag hinzu!

MARC

LEADER 00000nam a2200000 4500
001 c109888
005 20221221082627.4
041 0 |a eng 
044 |a US 
245 1 0 |a <The> Incentive structure of a "managed market economy"  |b can it survive the millennium?  |c Koichi Hamada 
264 1 |a New Haven  |b Yale University Press  |c 1998 
300 |a S.417-421 
490 1 |a Center Paper  |v No. 539 
830 0 |a Center Paper  |v No. 539 
610 2 0 |a hospodárstvo svetové 
610 2 0 |a hospodárstvo trhové 
610 2 0 |a situácia hospodárska 
610 2 0 |a Japonsko 
610 2 0 |a vývoj hospodársky 
610 2 0 |a riadenie hospodárske 
100 1 |a Hamada, Koichi